| 000 | 00670cam a22002174i 4500 | ||
|---|---|---|---|
| 999 |
_c7885 _d7885 |
||
| 001 | 991061111456006706 | ||
| 003 | OSt | ||
| 005 | 20240515105811.0 | ||
| 008 | 240321e202403 spc|||||||||||0|| 0-spa|c | ||
| 017 |
_aDL B 3422-2024 _bBiblioteca de Catalunya |
||
| 020 | _a9788419558527 | ||
| 040 |
_aES-BaUAB _bcat _erda _cCDMR |
||
| 100 | 1 | _aJuliana, Enric, | |
| 245 | 1 | 0 |
_aEspaña, el pacto y la furia _b : una historia política de nuestro país del 11M al presente / _cEnric Juliana |
| 264 | 1 |
_aBarcelona : _bArpa, _c2024 |
|
| 300 |
_a619 pàgines ; _c22 cm |
||
| 651 | 4 |
_aEspanya _xPolítica i govern _y2004-2024 |
|
| 908 |
_aUAB _aUB |
||
| 940 | _aUAB | ||
| 942 |
_2udc _cMON |
||